Informationsressourcen : Ein Handbuch Für Bibliothekare und Informationsspezialisten.

Das moderne Bibliotheks- und Informationswesen setzt sich mit vielfältigen Anforderungen auseinander und entwickelt sich ständig weiter. Die Reihe Bibliotheks- und Informationspraxis greift neue Themen und Fragestellungen auf und will mit Informationen und Erfahrungen aus der Praxis dazu beitragen...

Full description

Bibliographic Details
Main Author: Gantert, Klaus.
Other Authors: Lauber-Reymann, Margrit.
Format: eBook
Language:German
Published: Berlin/Boston : Walter de Gruyter GmbH, 2022.
Edition:3rd ed.
Series:Bibliotheks- und Informationspraxis Series
Subjects:
Online Access:Click to View
LEADER 02124nam a22003853i 4500
001 EBC7156061
003 MiAaPQ
005 20231204023228.0
006 m o d |
007 cr cnu||||||||
008 231204s2022 xx o ||||0 ger d
020 |a 9783110673272  |q (electronic bk.) 
035 |a (MiAaPQ)EBC7156061 
035 |a (Au-PeEL)EBL7156061 
035 |a (OCoLC)1357017018 
040 |a MiAaPQ  |b eng  |e rda  |e pn  |c MiAaPQ  |d MiAaPQ 
100 1 |a Gantert, Klaus. 
245 1 0 |a Informationsressourcen :  |b Ein Handbuch Für Bibliothekare und Informationsspezialisten. 
250 |a 3rd ed. 
264 1 |a Berlin/Boston :  |b Walter de Gruyter GmbH,  |c 2022. 
264 4 |c {copy}2023. 
300 |a 1 online resource (732 pages) 
336 |a text  |b txt  |2 rdacontent 
337 |a computer  |b c  |2 rdamedia 
338 |a online resource  |b cr  |2 rdacarrier 
490 1 |a Bibliotheks- und Informationspraxis Series ;  |v v.72 
520 |a Das moderne Bibliotheks- und Informationswesen setzt sich mit vielfältigen Anforderungen auseinander und entwickelt sich ständig weiter. Die Reihe Bibliotheks- und Informationspraxis greift neue Themen und Fragestellungen auf und will mit Informationen und Erfahrungen aus der Praxis dazu beitragen, Betriebsabläufe und Dienstleistungen von Bibliotheken und vergleichbaren Einrichtungen optimal zu gestalten. Die Reihe richtet sich an alle, die in Bibliotheken oder auf anderen Gebieten der Informationsvermittlung tätig sind. 
588 |a Description based on publisher supplied metadata and other sources. 
590 |a Electronic reproduction. Ann Arbor, Michigan : ProQuest Ebook Central, 2023. Available via World Wide Web. Access may be limited to ProQuest Ebook Central affiliated libraries.  
655 4 |a Electronic books. 
700 1 |a Lauber-Reymann, Margrit. 
776 0 8 |i Print version:  |a Gantert, Klaus  |t Informationsressourcen  |d Berlin/Boston : Walter de Gruyter GmbH,c2022 
797 2 |a ProQuest (Firm) 
830 0 |a Bibliotheks- und Informationspraxis Series 
856 4 0 |u https://ebookcentral.proquest.com/lib/matrademy/detail.action?docID=7156061  |z Click to View